[Event "Arandjelovac op 1st"]
[Site "Arandjelovac"]
[Date "2023.03.16"]
[Round "3"]
[White "Srdanovic, Jovana"]
[Black "Alexakis, Dimitrios"]
[Result "1/2-1/2"]
[WhiteElo "2146"]
[BlackElo "2024"]
[PlyCount "59"]
[EventDate "2023.03.15"]
[EventType "swiss"]
[EventRounds "9"]
[EventCountry "SRB"]
[SourceTitle "CBM 213 Extra"]
[Source "ChessBase"]
[SourceDate "2023.05.31"]
[SourceVersion "1"]
[SourceVersionDate "2023.05.31"]
[SourceQuality "1"]

1. d4 Nf6 2. c4 c5 3. d5 b5 4. cxb5 a6 5. bxa6 Bxa6 6. Nc3 g6 7. Nf3 Bg7 8. e4 Bxf1 9. Kxf1 d6 10. g3 0-0 11. Kg2 Nbd7 12. h3 Qb6 13. Re1 Rfb8 14. Nd2 Ne5 15. Qe2 Qa6 16. Qxa6 Rxa6 17. Re3 g5 18. Re2 Nd3 19. Nf3 h6 20. Ne1 Nxe1+ 21. Rxe1 Nd7 22. f4 gxf4 23. gxf4 c4 24. Re2 Nc5 25. Rc2 Nd3 26. Kg3 Rab6 27. Nd1 Bf6 28. Rxc4 Kh7 29. Kf3 Rg8 30. Be3 1/2-1/2

[Event "EU-ch 23rd"]
[Site "Vrnjacka Banja"]
[Date "2023.03.10"]
[Round "8"]
[White "Alexakis, Dimitrios"]
[Black "Roebers, Eline"]
[Result "1/2-1/2"]
[WhiteElo "2024"]
[BlackElo "2362"]
[PlyCount "69"]
[EventDate "2023.03.03"]
[EventType "swiss"]
[EventRounds "11"]
[EventCountry "SRB"]
[SourceTitle "CBM 213"]
[Source "ChessBase"]
[SourceDate "2023.04.30"]
[SourceVersion "1"]
[SourceVersionDate "2023.04.30"]
[SourceQuality "1"]

1. e4 c5 2. Nf3 d6 3. Bb5+ Nd7 4. d4 cxd4 5. Nxd4 Ngf6 6. Nc3 a6 7. Bxd7+ Bxd7 8. 0-0 g6 9. f4 Bg7 10. h3 0-0 11. Be3 Rc8 12. Qf3 Bc6 13. Rad1 Qc7 14. Nxc6 bxc6 15. Bd4 Rb8 16. b3 Nd7 17. Bxg7 Kxg7 18. Qd3 Nc5 19. Qe3 Kg8 20. e5 Nd7 21. exd6 exd6 22. f5 d5 23. Rde1 Rbe8 24. Qf2 Re5 25. Rxe5 Qxe5 26. Ne2 Nf6 27. Qd4 Qxe2 28. Qxf6 Qxc2 29. Rf3 c5 30. fxg6 Qxg6 31. Qf4 Kh8 32. Rg3 Qe6 33. Qg5 Qg6 34. Qf4 Qe6 35. Qg5 1/2-1/2

[Event "EU-ch 23rd"]
[Site "Vrnjacka Banja"]
[Date "2023.03.06"]
[Round "4"]
[White "Pajcin, Lav"]
[Black "Alexakis, Dimitrios"]
[Result "1-0"]
[WhiteElo "2221"]
[BlackElo "2024"]
[PlyCount "117"]
[EventDate "2023.03.03"]
[EventType "swiss"]
[EventRounds "11"]
[EventCountry "SRB"]
[SourceTitle "CBM 213"]
[Source "ChessBase"]
[SourceDate "2023.04.30"]
[SourceVersion "1"]
[SourceVersionDate "2023.04.30"]
[SourceQuality "1"]

1. e4 c5 2. Nf3 d6 3. d4 cxd4 4. Nxd4 Nf6 5. Nc3 a6 6. f3 e5 7. Nb3 Be6 8. Be3 Be7 9. Qd2 h5 10. Nd5 Bxd5 11. exd5 Nbd7 12. Be2 Rc8 13. c4 0-0 14. 0-0 b6 15. Rac1 Nc5 16. Na1 a5 17. Nc2 Nfd7 18. Na3 f5 19. Nb5 f4 20. Bf2 e4 21. Qd1 e3 22. Be1 Ne5 23. b3 Qd7 24. a3 Qf5 25. Rc3 g5 26. b4 Nb7 27. Nd4 Qg6 28. Ne6 Rf7 29. Qa4 Bf6 30. Qb5 axb4 31. axb4 Ra8 32. c5 bxc5 33. Rc1 Re7 34. Bc3 c4 35. Bxe5 Bxe5 36. Rxc4 Nd8 37. Nc7 Rc8 38. Rfc1 g4 39. Kh1 gxf3 40. gxf3 Rg7 41. Qe8+ Qxe8 42. Nxe8 Rxc4 43. Rxc4 Ra7 44. Rc2 Nf7 45. b5 Bd4 46. Nc7 Ne5 47. Ne6 Bb6 48. Nxf4 h4 49. Kg2 Kf7 50. Ne6 Kf6 51. f4 Nd7 52. Rc6 Ke7 53. Ng7 Ra2 54. Kf3 Rd2 55. Nf5+ Kd8 56. Rxd6 Bc5 57. Re6 Rxd5 58. Nxe3 Bxe3 59. Rxe3 1-0

[Event "Ambelokipi op 148th"]
[Site "Athens"]
[Date "2014.10.08"]
[Round "4"]
[White "Gamback, Bjorn"]
[Black "Alexakis, Dimitrios"]
[Result "1/2-1/2"]
[WhiteElo "2109"]
[BlackElo "2221"]
[PlyCount "120"]
[EventDate "2014.09.17"]
[EventType "swiss"]
[EventRounds "7"]
[EventCountry "GRE"]
[SourceTitle "EXT 2016"]
[Source "ChessBase"]
[SourceDate "2015.10.08"]
[SourceVersion "1"]
[SourceVersionDate "2015.10.08"]
[SourceQuality "1"]

1. d4 f5 2. c4 Nf6 3. Nc3 g6 4. g3 Bg7 5. Bg2 0-0 6. e3 d6 7. Nge2 Qe8 8. d5 a5 9. Nb5 Na6 10. Bd2 Bd7 11. Nbd4 Nc5 12. Qc2 Nfe4 13. Nc3 Nxd2 14. Qxd2 c6 15. 0-0 cxd5 16. Nxd5 Qd8 17. Nc3 Qe8 18. Nd5 Qd8 19. Nc3 Qe8 20. Rab1 Bc6 21. Nxc6 bxc6 22. b3 Qd7 23. a3 Rfb8 24. b4 axb4 25. axb4 Na4 26. Nxa4 Rxa4 27. b5 cxb5 28. Rb4 Rxb4 29. Qxb4 Qc7 30. Rb1 Qc5 31. cxb5 Qxb4 32. Rxb4 Rb6 33. Bd5+ Kf8 34. Ra4 Bf6 35. Ra8+ Kg7 36. Rg8+ Kh6 37. Bc6 e5 38. f4 d5 39. fxe5 Bxe5 40. Rd8 Kg7 41. Rxd5 Kf6 42. Rd7 h6 43. Kf2 g5 44. Kf3 h5 45. Rh7 Kg6 46. Re7 Kf6 47. Re8 g4+ 48. Ke2 Rb8 49. Rxb8 Bxb8 50. Be8 h4 51. gxh4 Bxh2 52. Kf2 Bc7 53. Bd7 Bb6 54. Ke2 Kg6 55. e4 fxe4 56. Bxg4 Kh6 57. Kd2 Bd8 58. h5 Bb6 59. Kc3 e3 60. Be2 Kh7 1/2-1/2

[Event "GRE-chT 42nd"]
[Site "Porto Rio"]
[Date "2014.07.02"]
[Round "6.1"]
[White "Alexakis, Dimitrios"]
[Black "Skalkotas, Nikolaos"]
[Result "1/2-1/2"]
[WhiteElo "2211"]
[BlackElo "2177"]
[PlyCount "37"]
[EventDate "2014.06.28"]
[EventType "team-swiss"]
[EventRounds "7"]
[EventCountry "GRE"]
[SourceTitle "CBM 161 Extra"]
[Source "ChessBase"]
[SourceDate "2014.08.29"]
[SourceVersion "1"]
[SourceVersionDate "2014.08.29"]
[SourceQuality "1"]
[WhiteTeam "Peiraikos PG"]
[BlackTeam "Pan GA"]
[WhiteTeamCountry "GRE"]
[BlackTeamCountry "GRE"]

1. e4 e6 2. d4 d5 3. Nc3 Bb4 4. e5 b6 5. Qg4 Bf8 6. f4 Nh6 7. Qd1 Bb4 8. Nf3 Qd7 9. Bd2 f6 10. Bd3 f5 11. h3 Ba6 12. Bxa6 Nxa6 13. Qe2 Nb8 14. 0-0-0 Nc6 15. Qa6 Qc8 16. Qb5 Qd7 17. Qa6 Qc8 18. Qb5 Qd7 19. Qa6 1/2-1/2